zpět

Detail výsledku týmu

Na Tahu , Olomouc

Datum a čas kvízu

27 Celkem bodů Celkový počet nahraných bodů na tomto kvízu bez doplňovacích otázek.
4. Pořadí na kvízu Konečné umístění týmu na tomto kvízu.

Zaznamenané odpovědi

# Otázka Odpověď Body Výsledky
1. V pondělí přijel na státní náv... z Belgie 1
2. O které kulturní památce ležíc... o věznici Alcatraz 1
3. Minulý týden vyšlo album Ostra... Michal Prokop 0
4. Ve středu byl zveřejněn žebříč... Michal Strnad 1
5. Tři minuty a 57 sekund. Přesně... Španělsko 0
6. Podíváme se na historické udál... O. J. Simpson, americký fotbal 0.5
7. Seřaďte chronologicky tyto pol... 1A 2C 3B 4D 0
8. V České republice vystoupila o... D 0
9. Ve kterém roce vstoupila Česká... v roce 2004, Vladimír Špidla 1
10. Ve kterém městě získala samost... ve Vídni, Kanadu 0